000 00975cam a2200181 4500
001 X118599
008 020701n2002 000 0 eng u
035 _a(Sirsi) u118599
100 _aDutton, T
245 _aLegal case round-up
260 _c2002
490 _aProperty Week
_v67(16) 26 April 2002, 25-26(2)
520 _aCA 22 February 2002. Reviews 'Dunnet v Railtrack PLC' [2002] Claimant had three horses killed when they strayed onto railway line, when gate leading from their field leading to accommodate crossing land was left open. Judge decided defendant should not be awarded costs, regardless of its success, because it had refused to participate in dispute resolution, due to defendants' confidence on winning case. Warned that rejection of dispute resolution on cost grounds was unwise approach. Claimant lost, and appeal was dismissed.
650 _aBENNET V RAILTRACK PLC
690 _aDispute resolution
_96236
700 _aWalker, A.
942 _n0
999 _c70620
_d70620